[Event "IRI-ch U12 Girls"]
[Site "Chess.com INT"]
[Date "2021.01.16"]
[Round "7"]
[White "Zare, Nazanin Zahra"]
[Black "Zare, Reyhaneh1111"]
[Result "1-0"]
[WhiteElo "1276"]
[BlackElo "1172"]
[PlyCount "85"]
[EventDate "2021.01.16"]
[EventType "swiss"]
[EventRounds "9"]
[EventCountry "IRI"]
[SourceTitle "EXT 2022"]
[Source "ChessBase"]
[SourceDate "2021.10.06"]
[SourceVersion "1"]
[SourceVersionDate "2021.10.06"]
[SourceQuality "1"]

1. e4 e5 2. Nf3 Nc6 3. d4 exd4 4. Nxd4 g6 5. Nc3 Bg7 6. Be3 Nge7 7. Qd2 0-0 8. 0-0-0 a6 9. f3 d5 10. Nxc6 bxc6 11. exd5 Bxc3 12. Qxc3 Nxd5 13. Qd4 Bf5 14. Bh6 Nf6 15. Bxf8 Qxd4 16. Rxd4 Kxf8 17. Bc4 a5 18. Rhd1 Ke8 19. g4 Bd7 20. g5 Nd5 21. Bxd5 cxd5 22. Rxd5 Bc6 23. Re1+ Kf8 24. Rc5 Bxf3 25. Rxc7 Bd5 26. Re5 Bxa2 27. Rcc5 a4 28. Ra5 Rc8 29. Rec5 Re8 30. Rxa4 Be6 31. Re5 Rd8 32. b3 Rc8 33. Kb2 Bf5 34. Rc4 Rd8 35. Re2 Kg7 36. Rc7 Rf8 37. b4 Rb8 38. c3 Rb5 39. Kb3 Be6+ 40. Rxe6 Rxg5 41. Re2 Kf6 42. Rf2+ Ke6 43. Rcxf7 1-0